Pleasantville /

Twin siblings David and Jennifer couldn't be more different: she curses, smokes, and sleeps around; David is a prototypical nerdy outcast. Then, one dark and stormy night, they're sucked into the TV and Pleasantville: a perfect suburban Disneyland suffused with church-social niceness and R...

Full description

Bibliographic Details
Other Authors: Ross, Gary, 1956-, Maguire, Tobey, 1975-, Daniels, Jeff, 1955-, Allen, Joan, 1956-, Macy, William H., 1950-, Walsh, J. T.
Format: Video
Language:English
Published: United States : New Line Productions, 1998.
Subjects:
Online Access:Connect to this streaming video (Swank Digital Campus)

MARC

Tag First Indicator Second Indicator Subfields
LEADER 00000cgm a2200000 i 4500
001 in00004764458
006 m o m
007 vz czazzu
007 cr cna||||||||
008 140505s1998 xxu118 o vleng d
005 20250806172359.9
035 |a (OCoLC)ocn879239448 
040 |a ATSHR  |b eng  |c ATSHR  |d OCLCF  |d MOSMP  |d OCLCO  |d OCL  |d OCLCQ  |d OCLCA  |d OCLCQ  |d OCLCO  |d OCLCL 
035 |a (OCoLC)879239448 
043 |a n-us--- 
050 4 |a PN1997.2 
049 |a TXAM 
090 |a PN1997  |b .P529 1998 
245 0 0 |a Pleasantville /  |c New Line Cinema presents a Larger Than Life production ; written, produced and directed by Gary Ross ; produced by Jon Kilik, Robert J. Degus, Steven Soderbergh 
260 |a United States :  |b New Line Productions,  |c 1998. 
300 |a 1 online resource (video file (118 min.)) 
336 |a two-dimensional moving image  |b tdi  |2 rdacontent 
337 |a computer  |b c  |2 rdamedia 
337 |a video  |b v  |2 rdamedia 
338 |a online resource  |b cr  |2 rdacarrier 
347 |a streaming video file 
511 1 |a Tobey Maguire, Jeff Daniels, Joan Allen, William H. Macy, J.T. Walsh, Don Knotts, Marley Shelton, Jane Kaczmarek, Reese Witherspoon. 
508 |a Director of photography, John Lindley ; production designer, Jeannine Oppewall ; editor, William Goldenberg ; costume designer, Judianna Makovsky ; visual effects supervisor, Chris Watts ; color effects designer, Michael Southard ; music, Randy Newman. 
500 |a Originally released as a motion picture by Warner Bros., 1998. 
521 8 |a MPAA Rating: PG-13 for language, thematic elements emphasizing sexuality. 
520 |a Twin siblings David and Jennifer couldn't be more different: she curses, smokes, and sleeps around; David is a prototypical nerdy outcast. Then, one dark and stormy night, they're sucked into the TV and Pleasantville: a perfect suburban Disneyland suffused with church-social niceness and Rotary Club boosterism. Jennifer despises it all. So, like a pint-size Lauren Bacall, she refuses to play the role of poodle-skirted good girl and introduces one of the boys to sex, after which this bland, black and white world magically begins changing into color. Through the combined forces of sex and rock 'n' roll, it becomes clear that the things that make life worth living--passion, knowledge, and love--are far removed from safety, stability, and bland sterility. Before too long, the whole town is wondering: what's outside Pleasantville? 
650 0 |a Teenage boys  |v Drama. 
650 0 |a Teenage girls  |v Drama. 
650 0 |a Television and teenagers  |z United States  |v Drama. 
650 0 |a Television and families  |z United States  |v Drama. 
650 0 |a Nineteen fifties  |v Drama. 
650 7 |a Feature films.  |2 fast  |0 (OCoLC)fst00922105 
650 7 |a Nineteen fifties.  |2 fast  |0 (OCoLC)fst01037791 
650 7 |a Television and families.  |2 fast  |0 (OCoLC)fst01733451 
650 7 |a Television and teenagers.  |2 fast  |0 (OCoLC)fst01146694 
651 7 |a United States.  |2 fast  |0 (OCoLC)fst01204155 
655 7 |a Drama.  |2 fast  |0 (OCoLC)fst01423879 
655 7 |a Melodramas (Motion pictures) ǂ2 lcgft 
655 7 |a Fantasy films.  |2 lcgft 
655 7 |a Feature films.  |2 lcgft 
655 7 |a Fiction films.$ǂ2 lcgft 
700 1 |a Ross, Gary,  |d 1956- 
700 1 |a Maguire, Tobey,  |d 1975- 
700 1 |a Daniels, Jeff,  |d 1955- 
700 1 |a Allen, Joan,  |d 1956- 
700 1 |a Macy, William H.,  |d 1950- 
700 1 |a Walsh, J. T. 
856 4 0 |u http://proxy.library.tamu.edu/login?url=https://digitalcampus.swankmp.net/tamu324081/play/D4C7B0CFA4EF4C00  |z Connect to this streaming video (Swank Digital Campus)  |t 0 
994 |a 92  |b TXA 
999 f f |s f012cdcf-0b4b-48d2-bbb9-001ee60b5238  |i 0a6b1c86-ddc5-4b88-a1c9-98c3ce32cfc5  |t 0 
952 f f |a Texas A&M University  |b College Station  |c Electronic Resources  |d Available Online  |t 0  |e PN1997 .P529 1998  |h Library of Congress classification 
998 f f |a PN1997 .P529 1998  |t 0  |l Available Online